Diseño de carretera, Alameda y Calles Ciegas en la milla marítima. Barranca, Puntarenas

Guardado en:
Bibliografiske detaljer
Hovedforfatter: Ramírez Arias, José Gregorio
Format: Ukendt
Udgivet: [San José, Costa Rica] 1959
Tags: Tilføj Tag
Ingen Tags, Vær først til at tagge denne postø!

MARC

LEADER 00000 a2200000 4500
003 011082
005 20221231143805.0
008 140114s1959 c a m 000 ||s d
040 |c cru CEDI 
090 |a TFG 119 
100 |a Ramírez Arias, José Gregorio  |9 17289 
245 |a Diseño de carretera, Alameda y Calles Ciegas en la milla marítima. Barranca, Puntarenas 
260 |c 1959  |a [San José, Costa Rica] 
300 |a 36 hojas :ilustraciones, planos plegables 
500 |a Tesis (ingeniero civil)--Universidad de Costa Rica. Facultad de Ingeniería 
942 |c TFG 
999 |c 12014  |d 12014